Curso de técnicas de expresión
Gorde:
| Formatua: | Liburua |
|---|---|
| Argitaratua: |
Barcelona : Biblograf
1973.
|
| Gaiak: | |
| Etiketak: |
Etiketa erantsi
Etiketarik gabe, Izan zaitez lehena erregistro honi etiketa jartzen!
|
MARC
| LEADER | 00000nam a2200000Ia 4500 | ||
|---|---|---|---|
| 003 | 000552 | ||
| 005 | 20221231143941.0 | ||
| 008 | 140114s1973 c a 000 ||s d | ||
| 040 | |c cru CEDI | ||
| 082 | |a 8080 C977c | ||
| 245 | |a Curso de técnicas de expresión | ||
| 260 | |a Barcelona : Biblograf |c 1973. | ||
| 300 | |a 304 páginas : ilustraciones | ||
| 650 | |x RETORICA |x EXPRESION |x COMUNICACION ORAL |9 18344 | ||
| 942 | |2 ddc |c BK | ||
| 999 | |c 14683 |d 14683 | ||
